Statistics for Picture Quiz: famous people, first name starts with D

Click here to take the quiz!

General Stats

  • This quiz has been taken 63 times
  • The average score is 7 of 15

Answer Stats

Answer % Correct
Danny Devito
82%
David Hasselhoff
82%
Diana Ross
80%
Diego Maradona
77%
Donald Sutherland
67%
Desmond Tutu
62%
Debbie Harry
54%
Dick Cheney
51%
Dakota Fanning
43%
Dawn French
36%
Dianne Abbott
26%
Daisy Ridley
20%
Davina McCall
18%
Dominic West
13%
Desmond Dekker
3%

Score Distribution

Percentile by Number Answered

Percent of People with Each Score

Your Score History

You have not taken this quiz